| 000 | 00485nam a2200169Ia 4500 | ||
|---|---|---|---|
| 999 |
_c29565 _d29565 |
||
| 003 | OSt | ||
| 005 | 20201112120513.0 | ||
| 008 | 190216s9999||||xx |||||||||||||| ||und|| | ||
| 040 | _coclc | ||
| 082 |
_a894.8123 _bPOO/T |
||
| 100 |
_aPoonkunnam, Unnikrishnan _96532 |
||
| 245 | 0 |
_aThavalangal / _cUnnikrishnan Poonkunnam |
|
| 260 |
_bCurrent Books, _c1978. _aThrissur: |
||
| 300 | _a129p | ||
| 650 | _aNovel | ||
| 942 |
_cBK _2ddc _h894.8123 _iPOO/T _k894.8123 _mPOO/T |
||